LEADER 01054nam a2200217 i 4500 001 000000167019 003 CaOOAMICUS 005 20071121000000.0 008 071121s1926 it u000 u mul u 013 $a144390 040 $aSeMil$bita 100 1 $aCongresso nazionale della Regalità di G. Cristo <1. ; Milano ; 1926>.$0(OLS)http://semarc/name/62837 245 13$aLa Regalità di Cristo :$brelazioni, atti e voti del primo congresso nazionale della Regalità di G. Cristo, 20-21-22 maggio 1926. 260 $aMilano :$bVita e Pensiero,$cimpr. 1926. 300 $a328 p. ;$c25 cm. 650 4$aGesù Cristo - Regalità.$0(OLS)http://semarc/subject/11461 850 $aSeMil 852 $aSeMil$W1$xVenegono$y1$m2D VI 11$j118179$B118179$CSeMilBibl$Z2$F129295 $81 961 $aRecupero: Altro 996 $6245$aLa Regalità di Cristo :$brelazioni, atti e voti del primo congresso nazionale della Regalità di G. Cristo, 20-21-22 maggio 1926$9(OLS)http://semarc/title/238818 996 $6260$aMilano :$bVita e Pensiero$9(OLS)http://semarc/publisher/29642 LEADER 00773naa a2200157 i 4500 001 000000317586 003 CaOOAMICUS 005 20180831173231.0 008 180831n it u000 u ita u 013 $a26750 040 $aSeMil$bita 100 1 $aZamagni, Stefano,$d<1943- >.$0(OLS)http://semarc/name/18841 245 10$aCome consentire l'ingresso nel discorso economico della prospettiva di fede. 650 4$aEconomia e fede.$0(OLS)http://semarc/subject/43902 773 0 $aConferenza Episcopale Italiana : Servizio Nazionale Progetto Culturale$tEuropa sfida e problema per i cattolici.$dBologna : EDB, 1999.$kOggi e domani$z88-10-10443-9$gp.311-320$w()111673 996 $6245$aCome consentire l'ingresso nel discorso economico della prospettiva di fede$9(OLS)http://semarc/title/391532